Результаты интеллектуальной деятельности военного, специального и двойного назначения (Запись № 11312319)

Подробности
000 -МАРКЕР
контрольное поле 01867nam0a2200325 4500
001 - ИДЕНТИФИКАТОР ЗАПИСИ
контрольное поле RU\NLR\BIBL_A\011685886
005 - ИДЕНТИФИКАТОР ВЕРСИИ
контрольное поле 20250626111240.0
010 ## - МЕЖДУНАРОДНЫЙ СТАНДАРТНЫЙ НОМЕР КНИГИ (ISBN)
Номер (ISBN) 5-94504-004-6
Тираж 250
035 ## - ДРУГИЕ СИСТЕМНЫЕ НОМЕРА
Идентификатор записи (NLR Aleph) 011685886
100 ## - ДАННЫЕ ОБЩЕЙ ОБРАБОТКИ
Данные общей обработки 20180420d2006 |||y0rusy50 ca
101 0# - ЯЗЫК РЕСУРСА
Язык текста, звукозаписи и т.д. русский
102 ## - СТРАНА ПУБЛИКАЦИИ ИЛИ ПРОИЗВОДСТВА
Страна публикации Российская Федерация
105 ## - ПОЛЕ КОДИРОВАННЫХ ДАННЫХ: ТЕКСТОВЫЕ МАТЕРИАЛЫ, МОНОГРАФИЧЕСКИЕ
Кодированные данные о монографическом текстовом документе a z 000 y
200 1# - ЗАГЛАВИЕ И СВЕДЕНИЯ ОБ ОТВЕТСТВЕННОСТИ
Основное заглавие Результаты интеллектуальной деятельности военного, специального и двойного назначения
Сведения, относящиеся к заглавию [монография]
Первые сведения об ответственности Журицкий Г.И., Гаев А.В., Бесшапов П.Е. [и др.
Последующие сведения об ответственности Федеральное государственное учреждение "Федеральное агентство по правовой защите результатов интеллектуальной деятельности военного, специального и двойного назначения" при Министерстве юстиции Российской Федерации]
205 ## - СВЕДЕНИЯ ОБ ИЗДАНИИ
Сведения об издании [2-е изд., перераб. и доп.]
210 ## - ПУБЛИКАЦИЯ, РАСПРОСТРАНЕНИЕ И ДР.
Место издания, распространения и т.д. Санкт-Петербург
Имя издателя, распространителя и т. д. Время
Дата издания, распространения и т.д. 2006
215 ## - ФИЗИЧЕСКАЯ ХАРАКТЕРИСТИКА
Специфическое обозначение материала и объем 574 с.
Другие сведения о физической характеристике ил.
Размеры 21
316 ## - ПРИМЕЧАНИЯ ОБ ОСОБЕННОСТЯХ ЭКЗЕМПЛЯРА
Текст примечания Подпись дарителя неразборчива
Организация и экземпляр, к которому относится поле NLR
320 ## - ПРИМЕЧАНИЯ О НАЛИЧИИ В ДОКУМЕНТЕ БИБЛИОГРАФИИ / УКАЗАТЕЛЯ
Текст примечания Библиогр.: с. 547-574
606 1# - НАИМЕНОВАНИЕ ТЕМЫ КАК ПРЕДМЕТ
Наименование темы Интеллектуальная собственность
Тематический подзаголовок Охрана
-- Правовые вопросы
Географический подзаголовок Российская Федерация
Системный номер авторитетной/нормативной записи 2098445
Идентификатор авторитетной/нормативной записи RU\NLR\AUTH\661269421
686 1# - ИНДЕКСЫ ДРУГИХ КЛАССИФИКАЦИЙ
Индекс Х623.4
686 1# - ИНДЕКСЫ ДРУГИХ КЛАССИФИКАЦИЙ
Индекс Х623.3
701 #1 - ИМЯ ЛИЦА - АЛЬТЕРНАТИВНАЯ ОТВЕТСТВЕННОСТЬ
Начальный элемент ввода Журицкий
Часть имени, кроме начального элемента ввода Г. И.
Расширение инициалов личного имени Геннадий Ильич
701 #1 - ИМЯ ЛИЦА - АЛЬТЕРНАТИВНАЯ ОТВЕТСТВЕННОСТЬ
Начальный элемент ввода Гаев
Часть имени, кроме начального элемента ввода А. В.
Расширение инициалов личного имени Александр Викторович
701 #0 - ИМЯ ЛИЦА - АЛЬТЕРНАТИВНАЯ ОТВЕТСТВЕННОСТЬ
Начальный элемент ввода Бесшапов
Часть имени, кроме начального элемента ввода П. Е.
Расширение инициалов личного имени Павел Евгеньевич
942 ## - ДОПОЛНИТЕЛЬНЫЕ ЭЛЕМЕНТЫ ЗАПИСИ (АБИС)
Тип экземпляра АБИС Книга
980 ## - КОЛЛЕКЦИЯ
Название коллекции Национальная библиография
Экземпляры
Тип экземпляра Дата поступления Источник поступления Стоимость Библиотека постоянного хранения Библиотека текущего хранения Место хранения Шифр хранения Штрих-код Статус экземпляра
Книга 20.04.2018 Дар 250.00 РНБ (Московский) РНБ (Московский) Русский книжный фонд: издания с 1957 года 2018-3/11298 1-2206768